000 nam a22 7a 4500
999 _c30361
_d30361
008 190520b xxu||||| |||| 00| 0 eng d
020 _a9966811052
040 _amksu
050 _aPR 9402.9
_b.N33 2004
100 _aNdakwe,Peter.
245 _aNo more secrets :
_bwalking out of our religious masks to find real life in jesus christ /
_cPeter Ndakwe.
260 _aNairobi,Kenya :
_bKing's Script Publishers,
_c2004.
300 _a112p. ;
_c20cm.
650 _aEnglish fiction.
650 _aSecrecy.
942 _2lcc
_cAFRICANA
_hPR 9402.9 .N33 2004